000 00885nam a2200229 a 4500
001 44612
003 BD-RjUL
005 20211209053905.0
008 160718s1964 I ||||| |||| 00| 0 ben d
020 _c: TK 6.00
035 _a(BD-RjUL)44730
040 _aBD-RjUL
_bben
_cBD-RjUL
041 _aben
082 _223
_a891.44309
_bVAM 1964
100 1 _a ভট্টাচার্য, শ্রীআশুতোষ
_9136851
245 1 0 _aমহাকবি শ্রীমধুসূদন /
_cশ্রীআশুতোষ ভট্টাচার্য
260 _aকলিকাতা :
_bক্যালকাটা বুক হাউস
_c১৯৬৪
300 _a(10), ৩০৯ পৃ. ;
_c১৯ সেমি.
650 _aবাংলা
_vপ্রবন্ধ
_xসংগ্রহ
_9136852
650 _aBengali
_vFiction
_xcollection
_9136853
942 _2ddc
_cBK
999 _c44612
_d44612